| 000 | 01249cab a2200385 4500 | ||
|---|---|---|---|
| 001 | ABS50136 | ||
| 008 | 090401t1994 xxu||||| |||| 00| 0 eng d | ||
| 035 | _a(Sirsi) u74348 | ||
| 041 | _aeng | ||
| 100 | _aGilbert, P. | ||
| 245 | _aTackling the environment - a review | ||
| 260 | _c1994 | ||
| 350 | _a0 | ||
| 490 |
_aCSM (Chartered Surveyor Monthly) _v3(5) February 1994, 24-26(3) |
||
| 520 | _aSources definitions of relevant terms, such as contaminated land, pollution or environmental statement, and also RICS guidance for surveyors, whose work touches on environmental issues. Covers insurance. | ||
| 650 | _aBS 7750 | ||
| 650 | _aCONTAMINATED LAND | ||
| 650 | _aDEFINITIONS | ||
| 650 | _aDISCLAIMERS | ||
| 650 | _aENVIRONMENTAL ASSESSMENT | ||
| 650 | _aENVIRONMENTAL AUDIT | ||
| 650 | _aENVIRONMENTAL CONSULTANCIES | ||
| 650 | _aENVIRONMENTAL STATEMENT | ||
| 650 | _aGUIDANCE | ||
| 650 |
_aInsurance _96249 |
||
| 650 | _aLAND QUALITY STATEMENT | ||
| 650 | _aPOLLUTION | ||
| 650 | _aRICS | ||
| 650 | _aSUSTAINABLE DEVELOPMENT | ||
| 650 | _aTERMINOLOGY | ||
| 690 | _aENVIRONMENTAL AND LAND CONSULTANCY | ||
| 690 | _aMANAGEMENT-BUSINESS MANAGEMENT-PROFESSIONAL PRACTICE | ||
| 942 | _n0 | ||
| 948 | _c04/03/1997 | ||
| 999 |
_c46926 _d46926 |
||